header

Paint shop pro 9 (Record no. 154191)

MARC details
000 -LEADER
fixed length control field 00998nam a2200265Ia 4500
100 1# - MAIN ENTRY--AUTHOR NAME
Personal name Koers, Diane.
245 10 - TITLE STATEMENT
Title Paint shop pro 9
260 ## - PUBLICATION, DISTRIBUTION, ETC. (IMPRINT)
Place of publication Boston, MA :
Name of publisher Course Technology PTR,
Year of publication 2005.
300 ## - PHYSICAL DESCRIPTION
Number of Pages xi, 314 p. :
Other physical details ill.
650 #0 - SUBJECT ADDED ENTRY--TOPICAL TERM
Topical Term Computer graphics.
856 40 - ELECTRONIC LOCATION AND ACCESS
Uniform Resource Identifier http://site.ebrary.com/lib/rucke/Doc?id=10073601

No items available.

© 2026 Rongo University
Contact us: librarian | system librarian | Rongo university